Banned in the U.S.A (Record no. 60536)
[ view plain ]
| 000 -LEADER | |
|---|---|
| fixed length control field | 01597nam a2200385 a 4500 |
| 082 04 - DEWEY DECIMAL CLASSIFICATION NUMBER | |
| Classification number | 025.2/13 |
| 100 1# - MAIN ENTRY--AUTHOR NAME | |
| Personal name | Foerstel, Herbert N. |
| 245 10 - TITLE STATEMENT | |
| Title | Banned in the U.S.A |
| 250 ## - EDITION STATEMENT | |
| Edition statement | Rev. and expanded ed. |
| 260 ## - PUBLICATION, DISTRIBUTION, ETC. (IMPRINT) | |
| Place of publication | Westport, Conn. : |
| Name of publisher | Greenwood Press, |
| Year of publication | 2002. |
| 300 ## - PHYSICAL DESCRIPTION | |
| Number of Pages | xxvii, 296 p. |
| 650 #0 - SUBJECT ADDED ENTRY--TOPICAL TERM | |
| Topical Term | Censorship |
| Topical Term | Textbooks |
| Topical Term | Public libraries |
| Topical Term | Public schools |
| Topical Term | Book selection |
| Topical Term | Public libraries |
| 856 40 - ELECTRONIC LOCATION AND ACCESS | |
| Uniform Resource Identifier | http://site.ebrary.com/lib/rucke/Doc?id=10040722 |
No items available.
